| 000 | 00909cam a2200241 a 4500 | ||
|---|---|---|---|
| 001 | 1565265 | ||
| 003 | OSt | ||
| 005 | 20230704141543.0 | ||
| 008 | 920302s1991 sw a b i000 0 eng | ||
| 010 | _a 92124744 | ||
| 020 | _a9122014373 | ||
| 040 |
_aDLC _cDLC _dDLC |
||
| 082 | 0 | 0 |
_a341.23 _bNOR |
| 110 | 2 | _aNordic UN Project. | |
| 245 | 1 | 4 |
_aThe United Nations in development : _breform issues in the economic and social fields : a Nordic perspective : final report / _cby the Nordic UN Project. |
| 260 |
_aStockholm : _bThe Project : _bDistributed by Almqvist & Wiksell International, _cc1991. |
||
| 300 |
_a111 p. : _bill. ; _c25 cm. |
||
| 504 | _aIncludes bibliographical references (p. 105-108). | ||
| 610 | 2 | 0 | _aUnited Nations. |
| 906 |
_a7 _bcbc _corignew _d2 _encip _f19 _gy-gencatlg |
||
| 942 |
_2ddc _cBK |
||
| 999 |
_c3861 _d3861 |
||